[Event "Chennai op 8th"]
[Site "Chennai"]
[Date "2016.01.18"]
[Round "1"]
[White "Neverov, Valeriy"]
[Black "Mani, Bharathy"]
[Result "1-0"]
[WhiteElo "2506"]
[BlackElo "1933"]
[PlyCount "121"]
[EventDate "2016.01.18"]
[EventType "swiss"]
[EventRounds "10"]
[EventCountry "IND"]
[SourceTitle "CBM 170 Extra"]
[Source "ChessBase"]
[SourceDate "2016.02.25"]
[SourceVersion "1"]
[SourceVersionDate "2016.02.25"]
[SourceQuality "1"]

1. Nf3 Nf6 2. g3 e6 3. Bg2 d5 4. 0-0 Be7 5. d3 Nbd7 6. Nbd2 b6 7. e4 Bb7 8. e5 Ng4 9. Re1 h5 10. Nf1 c5 11. c3 Qc7 12. Qe2 Nh6 13. Bf4 Nf8 14. d4 c4 15. Ne3 Ng6 16. Bg5 h4 17. Bxe7 Qxe7 18. b3 hxg3 19. hxg3 cxb3 20. axb3 Qd7 21. Ra2 Ne7 22. Rea1 a6 23. Bh3 g6 24. Kg2 Nef5 25. Rh1 0-0-0 26. Nc2 Ne7 27. Nb4 a5 28. Nc2 Nhf5 29. b4 Nc6 30. Kg1 Kc7 31. Bf1 Rxh1+ 32. Kxh1 Ra8 33. Qe1 Qe8 34. Kg2 axb4 35. Rxa8 Qxa8 36. cxb4 Qa4 37. Qc3 Kd7 38. Qb2 Na7 39. b5 Qa5 40. g4 Ng7 41. Qc1 Qc3 42. Qf4 Ke8 43. Ne3 Qc7 44. Qh6 Nf5 45. gxf5 gxf5 46. Qh8+ Kd7 47. Qf8 Qd8 48. Qxf7+ Qe7 49. Qxe7+ Kxe7 50. Kg3 Bc8 51. Nd1 Bd7 52. Nc3 Kf7 53. Ng5+ Kg7 54. Nh3 Kf8 55. Kh4 Ke7 56. Kg5 Be8 57. Nf4 Kf7 58. Kh6 Bd7 59. Be2 Kf8 60. Kg6 Nc8 61. Kf6 1-0